000 00603cam a2200193 4500500
005 20260405001924.0
041 _afre
042 _adc
100 1 0 _aPerragin, Charles
_eauthor
245 0 0 _aFrédéric Nef: “Les mathématiques, armature de l’Univers”
260 _c2015.
500 _a73
690 _aCosmos
690 _aFrédéric Nef
690 _aMétaphysique
690 _aUnivers
786 0 _nPhilosophie magazine | 86 | 2 | 2015-02-01 | p. 20-20 | 1951-1787
856 4 1 _uhttps://shs.cairn.info/magazine-philosophie-magazine-2015-2-page-20?lang=fr&redirect-ssocas=7080
999 _c2052373
_d2052373